| 000 | 01036cam a2200277 a 4500 | ||
|---|---|---|---|
| 001 | 000015467 | ||
| 005 | 20200929164041.0 | ||
| 008 | 980204s1998 mnua 000 0 spa | ||
| 020 | _a156718202X | ||
| 040 |
_aDO-SdBNP _bspa _cDLC _dBNPHU |
||
| 041 | 1 | 7 |
_aspa _heng _2código de idioma Marc |
| 082 |
_a133.95 _bD411p |
||
| 100 | 1 |
_aDenning, Melita. _934941 |
|
| 240 | 1 | 0 |
_aPractical guide to astral projection. _lEspañol |
| 245 | 1 | 0 |
_aProyección astral : _bexperiencias extracorporales / _cDenning Melita y Osborne Phillips ; edición Edgar Rojas ; traducción Alberto Rodríguez. |
| 260 |
_aMinnesota, Estados Unidos : _bLlwellyn Español, _c1998. |
||
| 300 |
_a161 p. : _bil. ; _c21 cm. |
||
| 534 |
_aTítulo original en inglés _tPractical guide to astral projection. |
||
| 650 | 4 |
_aProyección astral _934942 |
|
| 650 | 4 |
_aParapsicología _92394 |
|
| 700 | 1 |
_aPhillips, Osborne _934943 |
|
| 700 | 1 |
_aRojas, Edgar _eed. _931314 |
|
| 700 | 1 |
_aRodríguez, Alberto _etr. _927134 |
|
| 910 | _aCatalogación derivada | ||
| 049 | _aBNGR | ||
| 999 |
_c15023 _d15023 |
||